00643nam a2200193Ia 4500008004100000020001800041082001600059100001900075245006900094250000800163260004200171300002800213500001900241600003400260650001500294942000700309952011800316999001500434240925s9999 xx 000 0 und d a9788131719534 a621.382 TOM aTomasi , Wayne 0aElectronic Communications Systems: fundamentals through advanced a5th aNew Delhi:bPearson Educationc,2004. axx,261p.bNAfPhotocopy aIncludes Index aTelecommunication Engineering aTechnology cBK 001040708ELaUITUbUITUd2007-04-10eF.B.Cg600.00l0o621.382 TOMpQ6993r2024-09-25 07:14:26w2024-09-25yBK c9492d9492